000
00449nam a2200145Ia 4500
008
100122s9999 xx 000 0 und d
082
_b
3926
_a
823
100
_a
कंटक प्रेमा
245
_a
काम आणि कामिनी
260
_b
प्रकाशक शोधणे
_c
1924
300
_a
50
630
_a
काम आणि कामिनी
730
_a
काम आणि कामिनी
942
_c
BOOK
999
_c
397746
_d
397743